ADMINISTRATIVE LAW (Record no. 8737)

MARC details
000 -LEADER
fixed length control field 00449nam a22001817a 4500
005 - DATE AND TIME OF LATEST TRANSACTION
control field 20250415120013.0
008 - FIXED-LENGTH DATA ELEMENTS--GENERAL INFORMATION
fixed length control field 250411b |||||||| |||| 00| 0 eng d
020 ## - INTERNATIONAL STANDARD BOOK NUMBER
ISBN 9788119114702
041 ## - LANGUAGE CODE
Language code of text/sound track or separate title eng
082 ## - DEWEY DECIMAL CLASSIFICATION NUMBER
Classification number 342.06 MAS-A
100 ## - MAIN ENTRY--AUTHOR NAME
Personal name MASSEY, DR. I.P
245 ## - TITLE STATEMENT
Title ADMINISTRATIVE LAW
250 ## - EDITION STATEMENT
Edition statement 10TN ED. 2022
260 ## - PUBLICATION, DISTRIBUTION, ETC. (IMPRINT)
Place of publication LUCKNOW
Name of publisher EBC PUBLISHING PVT. LTD
Year of publication 2023
300 ## - PHYSICAL DESCRIPTION
Number of Pages 631;P
650 ## - SUBJECT ADDED ENTRY--TOPICAL TERM
Topical Term LEGAL STUDIES
942 ## - ADDED ENTRY ELEMENTS (KOHA)
Koha item type Books
Holdings
Lost status Damaged status Collection code Home library Current library Shelving location Date acquired Source of acquisition Cost, normal purchase price Full call number Accession Number Koha item type
    Reference JRU Library JRU Library SHELF-1-C 10/04/2025 PURCHASE 845.00 342.06 28642 Books
    LAW JRU Library JRU Library SHELF-30-C 10/04/2025 PURCHASE 845.00 342.06 28643 Books
    LAW JRU Library JRU Library SHELF-30-C 10/04/2025 PURCHASE 845.00 342.06 28644 Books
    LAW JRU Library JRU Library SHELF-30-C 10/04/2025 PURCHASE 845.00 342.06 28645 Books
    LAW JRU Library JRU Library SHELF-30-C 10/04/2025 PURCHASE 845.00 342.06 28646 Books